000 00724nam a2200289Ia 4500
005 20260324144652.0
008 008 260324s9999 xx 000 0 eng d
020 _a9780429303852
037 _aEBOOK
040 _aCRL
040 _beng
040 _cCRL
041 _2eng
041 _aeng
084 _qCRL
100 _aPeter Kornbluh; Thomas W Walker; Harvey Williams; Eva Gold
_91220176
245 0 _aReagan Versus The Sandinistas
245 4 _bThe Undeclared War On Nicaragua
260 _bTaylor and Francis
260 _c1987
365 _a
365 _b220
856 _uhttp://www.taylorfrancis.com/books/9780429303852
942 _cEBOOK
999 _c1827071
_d1827071